[Event "CAMPEONATO DE ESPAÑA ABSOLUTO"]
[Site "EL SAUZAL - TENERIFE - ISLAS CANARIAS"]
[Date "2010.09.09"]
[Round "6"]
[Board "9"]
[White "Franco Alonso, Alejandro"]
[Black "Sanchez Aller, Fernando"]
[Result "0-1"]
[WhiteElo "2490"]
[BlackElo "2323"]
[PlyCount "134"]
[EventDate "2010.09.04"]
[EventRounds "9"]
[EventCountry "ESP"]

1.d4 Nf6 2.c4 e6 3.g3 c5 4.d5 exd5 5.cxd5 b5 6.Bg2 d6 7.b4 Bb7 8.Bb2 Nbd7 9.bxc5
Nxc5 10.Nh3 Qa5+ 11.Bc3 b4 12.Bxf6 gxf6 13.Nd2 Na4 14.Nc4 Qb5 15.Qd3 Ba6 16.Qe3+
Kd8 17.Rc1 Rc8 18.Qxa7 Rxc4 19.Rxc4 Qxc4 20.O-O Be7 21.Nf4 Qb5 22.Qa8+ Bc8
23.Rc1 Nc5 24.Bh3 Qa6 25.Qb8 Qb7 26.Qxc8+ Qxc8 27.Bxc8 Kxc8 28.Nd3 Kd7 29.Nxb4
Ra8 30.Rc4 Ra4 31.Rh4 f5 32.Rf4 h6 33.a3 Rxa3 34.Rxf5 Ke8 35.Nc6 Bf8 36.Rf4 Bg7
37.Rb4 Rb3 38.Rg4 Kf8 39.Rf4 Be5 40.Rc4 Bf6 41.Rf4 Nd7 42.Kg2 Rb2 43.Kf1 Rd2
44.e4 Kg7 45.Rg4+ Bg5 46.e5 f5 47.exf6+ Nxf6 48.Rd4 Nxd5 49.Rxd2 Bxd2 50.Ke2 Bc3
51.Kf3 Kf7 52.Kg4 Nb4 53.Nd8+ Ke7 54.Nb7 Nd3 55.Nxd6 Kxd6 56.Kh5 Bg7 57.Kg6 Bf8
58.f4 Ke7 59.h4 Nf2 60.Kf5 Kf7 61.g4 Be7 62.h5 Nh3 63.Ke5 Bd8 64.Kf5 Bh4 65.g5
Bxg5 66.fxg5 Nxg5 67.Ke5 Nh7 0-1

[Event "CAMPEONATO DE ESPAÑA ABSOLUTO"]
[Site "EL SAUZAL - TENERIFE - ISLAS CANARIAS"]
[Date "2010.09.09"]
[Round "6"]
[Board "10"]
[White "Vassallo Barroche, Mauricio"]
[Black "Recuero Guerra, David"]
[Result "0-1"]
[WhiteElo "2422"]
[BlackElo "2457"]
[PlyCount "54"]
[EventDate "2010.09.04"]
[EventRounds "9"]
[EventCountry "ESP"]

1.c4 e5 2.g3 Nf6 3.Bg2 d5 4.cxd5 Nxd5 5.Nc3 Nb6 6.Nf3 Nc6 7.O-O Be7 8.d3 O-O
9.a3 Be6 10.b4 f6 11.Rb1 Nd4 12.Nd2 c6 13.Nde4 Bf7 14.Nc5 Qc7 15.e3 Ne6 16.N3e4
Nxc5 17.Nxc5 a5 18.e4 axb4 19.axb4 Rfd8 20.Qc2 Nd7 21.Be3 b5 22.Nxd7 Qxd7
23.Rfd1 Ra4 24.Qc3 h6 25.Rd2 Rda8 26.d4 Bxb4 27.Rxb4 Rxb4 0-1

[Event "CAMPEONATO DE ESPAÑA ABSOLUTO"]
[Site "EL SAUZAL - TENERIFE - ISLAS CANARIAS"]
[Date "2010.09.09"]
[Round "6"]
[Board "11"]
[White "Senlle Caride, Miguel"]
[Black "Todorcevic, Miodrag"]
[Result "0-1"]
[WhiteElo "2235"]
[BlackElo "2434"]
[PlyCount "48"]
[EventDate "2010.09.04"]
[EventRounds "9"]
[EventCountry "ESP"]

1.e4 g6 2.d4 Bg7 3.Nc3 d6 4.f4 Nc6 5.Be3 Nf6 6.Nf3 O-O 7.Qd2 Bg4 8.f5 d5 9.h3
Bxf3 10.gxf3 e5 11.fxe6 fxe6 12.O-O-O Qe7 13.Qg2 Qf7 14.Qg5 Rad8 15.h4 Nh5
16.exd5 exd5 17.Bh3 Rfe8 18.Rhe1 h6 19.Qg4 Kh7 20.Re2 Re7 21.Rde1 Rf8 22.Bf2
Rxe2 23.Rxe2 Nf4 24.Rd2 h5 0-1

[Event "CAMPEONATO DE ESPAÑA ABSOLUTO"]
[Site "EL SAUZAL - TENERIFE - ISLAS CANARIAS"]
[Date "2010.09.09"]
[Round "6"]
[Board "12"]
[White "Cabrera Trujillo, Jorge"]
[Black "Ladron De Guevara Pinto, Paolo"]
[Result "1/2-1/2"]
[WhiteElo "2384"]
[BlackElo "2215"]
[PlyCount "114"]
[EventDate "2010.09.04"]
[EventRounds "9"]
[EventCountry "ESP"]

1.e4 e5 2.Nf3 Nc6 3.Bb5 a6 4.Bxc6 dxc6 5.O-O Bg4 6.h3 Bxf3 7.Qxf3 Qf6 8.Qxf6
Nxf6 9.d3 O-O-O 10.Nd2 Bc5 11.Nc4 Nd7 12.Rb1 Rhe8 13.Kh2 f6 14.f4 exf4 15.Bxf4
Bd4 16.g4 Ne5 17.Nxe5 Bxe5 18.Kg3 c5 19.Bxe5 Rxe5 20.Rf5 Rde8 21.Rxe5 Rxe5
22.Kf4 Kd7 23.a4 Re6 24.Rg1 g5+ 25.Ke3 Re8 26.h4 Rg8 27.Rh1 h6 28.hxg5 hxg5
29.Rh6 Ke7 30.Rh7+ Kd6 31.c3 b6 32.Rh6 Ke7 33.Rh7+ Kd6 34.d4 c6 35.Rh6 cxd4+
36.cxd4 Rf8 37.e5+ Ke7 38.Ke4 a5 39.Kf5 fxe5+ 40.Kxe5 Rf2 41.Rxc6 Rxb2 42.Rg6
Re2+ 43.Kd5 Ra2 44.Rxb6 Kf7 45.Rb7+ Kg6 46.Rb6+ Kf7 47.Rb7+ Kg6 48.Ra7 Rxa4
49.Ke5 Ra1 50.Ra6+ Kf7 51.d5 a4 52.Ra7+ Ke8 53.d6 a3 54.Kf6 a2 55.d7+ Kd8
56.Kxg5 Ke7 57.Kg6 Rg1 1/2-1/2

[Event "CAMPEONATO DE ESPAÑA ABSOLUTO"]
[Site "EL SAUZAL - TENERIFE - ISLAS CANARIAS"]
[Date "2010.09.09"]
[Round "6"]
[Board "13"]
[White "Narciso Dublan, Marc"]
[Black "Camino Carrio, Nicanor"]
[Result "1-0"]
[WhiteElo "2553"]
[BlackElo "2137"]
[PlyCount "49"]
[EventDate "2010.09.04"]
[EventRounds "9"]
[EventCountry "ESP"]

1.d4 Nf6 2.c4 g6 3.Nc3 Bg7 4.e4 d6 5.Be2 O-O 6.Nf3 e5 7.d5 a5 8.Bg5 Na6 9.Nd2 h6
10.Be3 c6 11.O-O Nh7 12.a3 f5 13.f3 f4 14.Bf2 c5 15.b4 Bf6 16.bxc5 Nxc5 17.Nb3
Bh4 18.Bxh4 Qxh4 19.Nxc5 dxc5 20.Na4 Qg5 21.Nxc5 h5 22.d6 Qf6 23.d7 Rd8
24.dxc8=Q Raxc8 25.Nd3 1-0

[Event "CAMPEONATO DE ESPAÑA ABSOLUTO"]
[Site "EL SAUZAL - TENERIFE - ISLAS CANARIAS"]
[Date "2010.09.09"]
[Round "6"]
[Board "14"]
[White "Hidalgo Santana, Fernando"]
[Black "Garza Marco, Sergio"]
[Result "0-1"]
[WhiteElo "2127"]
[BlackElo "2439"]
[PlyCount "82"]
[EventDate "2010.09.04"]
[EventRounds "9"]
[EventCountry "ESP"]

1.c4 e5 2.Nc3 d6 3.g3 Nc6 4.Bg2 g6 5.e4 Bg7 6.Nge2 f5 7.d3 Nf6 8.O-O O-O 9.f4
Kh8 10.Rb1 Be6 11.Nd5 fxe4 12.dxe4 Qd7 13.Qd3 Nh5 14.f5 gxf5 15.Qf3 f4 16.gxf4
Nxf4 17.Nexf4 exf4 18.Bxf4 Ne5 19.Qe2 Rf7 20.Ne3 Re8 21.b3 Ng4 22.Nxg4 Bxg4
23.Qd3 b6 24.Bg3 Rfe7 25.Bh4 Re6 26.Kh1 Be5 27.Qe3 Qg7 28.Bg5 Rg8 29.Bf4 Bd4
30.Qd2 Rg6 31.Be3 Bc3 32.Qf2 Bc8 33.Bf3 Rf8 34.Qh4 Bb7 35.h3 Bf6 36.Qh5 Bg5
37.Bxg5 Rxg5 38.Qh4 Qe5 39.Rg1 Rxf3 40.Rxg5 Qxe4 41.Rg8+ Kxg8 0-1

[Event "CAMPEONATO DE ESPAÑA ABSOLUTO"]
[Site "EL SAUZAL - TENERIFE - ISLAS CANARIAS"]
[Date "2010.09.09"]
[Round "6"]
[Board "15"]
[White "Espineira Gonzalez, Diego"]
[Black "Larino Nieto, David"]
[Result "0-1"]
[WhiteElo "2305"]
[BlackElo "2451"]
[PlyCount "50"]
[EventDate "2010.09.04"]
[EventRounds "9"]
[EventCountry "ESP"]

1.e4 d5 2.exd5 Qxd5 3.Nf3 Nf6 4.Nc3 Qa5 5.Be2 c5 6.d3 Nc6 7.O-O Bg4 8.Re1 O-O-O
9.Bd2 h5 10.a3 Nd4 11.Nxd4 cxd4 12.Ne4 Qd5 13.Nxf6 exf6 14.Bxg4+ hxg4 15.Qxg4+
f5 16.Qe2 Bd6 17.f4 Rh4 18.g3 Rdh8 19.Rf1 Rh3 20.Qf2 Qc6 21.Rac1 Be7 22.Be1 Qh6
23.Qxd4 Rxh2 24.Rf2 Rh1+ 25.Kg2 Qc6+ 0-1

[Event "CAMPEONATO DE ESPAÑA ABSOLUTO"]
[Site "EL SAUZAL - TENERIFE - ISLAS CANARIAS"]
[Date "2010.09.09"]
[Round "6"]
[Board "16"]
[White "Fernandez Losada, Daniel"]
[Black "Arribas Lopez, Angel"]
[Result "1-0"]
[WhiteElo "2126"]
[BlackElo "2454"]
[PlyCount "63"]
[EventDate "2010.09.04"]
[EventRounds "9"]
[EventCountry "ESP"]

1.e4 c5 2.Nf3 e6 3.d4 cxd4 4.Nxd4 Nf6 5.Nc3 d6 6.Be2 Be7 7.O-O O-O 8.Be3 a6 9.f4
Qc7 10.Bf3 Nbd7 11.Qe1 Re8 12.Rd1 Bf8 13.g4 e5 14.g5 exd4 15.Bxd4 d5 16.gxf6
dxe4 17.fxg7 Bc5 18.Nxe4 Bxd4+ 19.Rxd4 Qxc2 20.Qg3 Qxb2 21.Rfd1 Qb6 22.Kh1 Nf6
23.Nd6 Be6 24.Qg5 Nd7 25.Be4 Qc5 26.Bf5 Qc6+ 27.Kg1 Qb6 28.Bxh7+ Kxh7 29.f5 Bxa2
30.R1d3 Qb1+ 31.Rd1 Qb6 32.Kf1 1-0

[Event "CAMPEONATO DE ESPAÑA ABSOLUTO"]
[Site "EL SAUZAL - TENERIFE - ISLAS CANARIAS"]
[Date "2010.09.09"]
[Round "6"]
[Board "17"]
[White "Alvarado Diaz, Alejandro"]
[Black "Del Rey, Diego"]
[Result "1/2-1/2"]
[WhiteElo "2101"]
[BlackElo "2396"]
[PlyCount "117"]
[EventDate "2010.09.04"]
[EventRounds "9"]
[EventCountry "ESP"]

1.d4 d6 2.Nf3 Nf6 3.c4 g6 4.Nc3 Bf5 5.d5 c5 6.Nh4 Bc8 7.g3 Bg7 8.Bg2 O-O 9.O-O
Qb6 10.e4 e6 11.Re1 exd5 12.cxd5 Re8 13.h3 Na6 14.f4 Nd7 15.Nf3 c4+ 16.Kh2 Nac5
17.Bf1 Nd3 18.Re2 N7c5 19.Ne1 Bd7 20.Nxd3 cxd3 21.Rg2 Bxc3 22.bxc3 Rxe4 23.Bxd3
Nxd3 24.Qxd3 Re1 25.c4 Rae8 26.Bb2 Qe3 27.Qxe3 R1xe3 28.Rc1 b6 29.Rc3 Bf5 30.Ra3
Re2 31.Bf6 Re1 32.g4 Be4 33.Rf2 b5 34.cxb5 Bxd5 35.Kg3 h6 36.Rd2 Bc4 37.Rxd6
Bxb5 38.Be5 a6 39.Rc3 Rg1+ 40.Kh2 Re1 41.Rc7 Re4 42.Rf6 Bc4 43.Rfc6 Bb5 44.Rf6
Bc4 45.Rd6 Bb5 46.h4 R4xe5 47.fxe5 Rxe5 48.Kg3 Kg7 49.Rd4 g5 50.a4 Be8 51.Ra7
Ra5 52.Rd6 Rxa4 53.Raxa6 gxh4+ 54.Kxh4 Re4 55.Kg3 Bb5 56.Rab6 Be2 57.Rxh6 Rxg4+
58.Kf2 Bc4 59.Rh3 1/2-1/2

[Event "CAMPEONATO DE ESPAÑA ABSOLUTO"]
[Site "EL SAUZAL - TENERIFE - ISLAS CANARIAS"]
[Date "2010.09.09"]
[Round "6"]
[Board "18"]
[White "Lopez Pereyra, Antonio"]
[Black "Vega Gutierrez, Sabrina"]
[Result "1/2-1/2"]
[WhiteElo "2079"]
[BlackElo "2368"]
[PlyCount "98"]
[EventDate "2010.09.04"]
[EventRounds "9"]
[EventCountry "ESP"]

1.e4 c5 2.Nf3 Nc6 3.d4 cxd4 4.Nxd4 Nf6 5.Nc3 e5 6.Ndb5 d6 7.Bg5 a6 8.Na3 b5
9.Bxf6 gxf6 10.Nd5 Bg7 11.Bd3 Ne7 12.Nxe7 Qxe7 13.O-O O-O 14.c4 f5 15.Qf3 d5
16.cxd5 fxe4 17.d6 exf3 18.dxe7 Re8 19.Be4 Ra7 20.gxf3 Raxe7 21.Nc2 f5 22.Bc6
Rd8 23.Rad1 Rxd1 24.Rxd1 Rc7 25.Bd5+ Kf8 26.Bb3 Bb7 27.Rd8+ Ke7 28.Rg8 Bh6
29.Rg3 Kf6 30.Rh3 Bf4 31.Kf1 a5 32.Ne3 a4 33.Bd1 Bxe3 34.fxe3 Rc1 35.Ke2 Rb1
36.b3 Rb2+ 37.Kd3 Rxa2 38.bxa4 bxa4 39.Rxh7 Bxf3 40.Bxf3 e4+ 41.Bxe4 fxe4+
42.Kxe4 a3 43.Ra7 Rxh2 44.Rxa3 Ke6 45.Ra6+ Ke7 46.Ra1 Rh4+ 47.Kd3 Ke6 48.Rf1 Ke5
49.Rf8 Ra4 1/2-1/2

[Event "CAMPEONATO DE ESPAÑA ABSOLUTO"]
[Site "EL SAUZAL - TENERIFE - ISLAS CANARIAS"]
[Date "2010.09.09"]
[Round "6"]
[Board "19"]
[White "Villavicencio Martinez, Adalber"]
[Black "Machin Arbelo, Pedro Alexis"]
[Result "1/2-1/2"]
[WhiteElo "2317"]
[BlackElo "2032"]
[PlyCount "115"]
[EventDate "2010.09.04"]
[EventRounds "9"]
[EventCountry "ESP"]

1.e4 c5 2.Nf3 e6 3.b3 Nf6 4.e5 Nd5 5.Bb2 Nc6 6.g3 b6 7.Bg2 Bb7 8.O-O Qc7 9.Re1
Be7 10.a3 b5 11.c4 bxc4 12.bxc4 Nb6 13.d3 O-O 14.Nc3 f5 15.Nb5 Qb8 16.Rb1 a6
17.Nd6 Nc8 18.Nxb7 Qxb7 19.d4 cxd4 20.Nxd4 N8a7 21.Bc3 Qc7 22.Qa4 Bc5 23.Nb3 Be7
24.Na5 Rab8 25.Rxb8 Rxb8 26.Nxc6 Nxc6 27.Qxa6 Rb3 28.Bb4 Nxb4 29.axb4 Bxb4
30.Rd1 Bc5 31.Qa2 Ra3 32.Qd2 Ra7 33.Qe2 Ra5 34.Kh1 Bb6 35.f4 Ra4 36.Qh5 Qc8
37.h3 Rxc4 38.Kh2 h6 39.Qf3 Rc1 40.h4 Rxd1 41.Qxd1 Bf2 42.Qd3 Qc7 43.h5 Qa7
44.Kh3 Bd4 45.Qe2 Bf2 46.Qf3 Qe3 47.Qxe3 Bxe3 48.Bf1 Kf7 49.Kg2 Bc5 50.Kf3 Bb4
51.Bb5 Ke7 52.Ba4 d6 53.exd6+ Kxd6 54.Bb3 Ke7 55.Ba4 Kf6 56.Be8 e5 57.fxe5+ Kxe5
58.g4 1/2-1/2

[Event "CAMPEONATO DE ESPAÑA ABSOLUTO"]
[Site "EL SAUZAL - TENERIFE - ISLAS CANARIAS"]
[Date "2010.09.09"]
[Round "6"]
[Board "20"]
[White "Barrio Pareja, Eduardo"]
[Black "Farran Martos, Francesc X"]
[Result "0-1"]
[WhiteElo "2049"]
[BlackElo "2287"]
[PlyCount "52"]
[EventDate "2010.09.04"]
[EventRounds "9"]
[EventCountry "ESP"]

1.e4 c5 2.Nf3 e6 3.c3 Nc6 4.d4 d5 5.e5 Bd7 6.Be2 Qc7 7.O-O f6 8.exf6 gxf6 9.c4
dxc4 10.d5 exd5 11.Qxd5 O-O-O 12.Qxc4 Nge7 13.Bf4 Ne5 14.Nxe5 fxe5 15.Bg3 Nf5
16.Bg4 h5 17.Bxf5 Bxf5 18.Re1 Rd4 19.Qe2 Re4 20.Qd1 h4 21.Rxe4 hxg3 22.fxg3 Bxe4
23.Qg4+ Qd7 24.Qxe4 Qd1+ 25.Kf2 Bd6 26.Qe2 Rf8+ 0-1

[Event "CAMPEONATO DE ESPAÑA ABSOLUTO"]
[Site "EL SAUZAL - TENERIFE - ISLAS CANARIAS"]
[Date "2010.09.09"]
[Round "6"]
[Board "21"]
[White "Rodriguez Fontecha, Marcos"]
[Black "Navarro Molina, David"]
[Result "1-0"]
[WhiteElo "2253"]
[BlackElo "2047"]
[PlyCount "83"]
[EventDate "2010.09.04"]
[EventRounds "9"]
[EventCountry "ESP"]

1.d4 Nf6 2.Nf3 e6 3.Bf4 b6 4.e3 Bb7 5.Bd3 Be7 6.h3 d6 7.Nbd2 Nbd7 8.O-O O-O 9.c3
Re8 10.Qc2 Bf8 11.e4 e5 12.Bg5 a6 13.a4 Rc8 14.Rfe1 h6 15.Bh4 exd4 16.cxd4 c5
17.d5 c4 18.Bxc4 g5 19.Nxg5 hxg5 20.Bxg5 Bg7 21.Qb3 Nf8 22.Re3 N8h7 23.Bh4 Qc7
24.Rae1 Qc5 25.Kh2 Bh6 26.Rg3+ Kf8 27.Qc3 Re5 28.Rf3 Ng8 29.Bg3 Bxd2 30.Qxd2
Qxc4 31.Qf4 Nhf6 32.Qh4 Qb4 33.Bxe5 dxe5 34.Ree3 Qe7 35.Qh8 Rc4 36.Rg3 Qd6
37.Rxg8+ Nxg8 38.Rg3 Ke7 39.Rxg8 Qc7 40.Re8+ Kd7 41.Qf8 Bc8 42.Qe7# 1-0

[Event "CAMPEONATO DE ESPAÑA ABSOLUTO"]
[Site "EL SAUZAL - TENERIFE - ISLAS CANARIAS"]
[Date "2010.09.09"]
[Round "6"]
[Board "22"]
[White "Nortes Hernandez, Pedro"]
[Black "Morales Camacho, Julian"]
[Result "0-1"]
[WhiteElo "2020"]
[BlackElo "2213"]
[PlyCount "92"]
[EventDate "2010.09.04"]
[EventRounds "9"]
[EventCountry "ESP"]

1.e4 e6 2.d4 b6 3.Nf3 Bb7 4.Bd3 d6 5.O-O Nd7 6.Re1 g6 7.Bg5 Ne7 8.Nbd2 h6 9.Bf4
Bg7 10.e5 d5 11.Nf1 Nf8 12.Ne3 Nf5 13.Ng4 Nh7 14.Qd2 g5 15.Bxf5 exf5 16.Nf6+ Kf8
17.Qb4+ Qe7 18.Bd2 a5 19.Qb5 Bxf6 20.exf6 Qd8 21.Re5 c6 22.Qd3 Bc8 23.Qa3+ Kg8
24.Qe7 Bd7 25.Qd6 Nxf6 26.Re7 Be6 27.Qxc6 Rc8 28.Qb7 Rb8 29.Qc7 Qxc7 30.Rxc7 Ne4
31.Bc3 Kg7 32.Re1 Rhc8 33.Ra7 Nxc3 34.bxc3 Kf6 35.Re3 f4 36.Rd3 Ra8 37.Rxa8 Rxa8
38.Ne5 Rc8 39.g4 Kg7 40.h3 f6 41.Nf3 Rc4 42.Nd2 Ra4 43.a3 Rxa3 44.c4 Ra1+ 45.Nf1
dxc4 46.Rc3 b5 0-1

[Event "CAMPEONATO DE ESPAÑA ABSOLUTO"]
[Site "EL SAUZAL - TENERIFE - ISLAS CANARIAS"]
[Date "2010.09.09"]
[Round "6"]
[Board "23"]
[White "Ponce Valero, Juan Antonio"]
[Black "Zamarbide Inarrea, Daniel"]
[Result "0-1"]
[WhiteElo "2020"]
[BlackElo "2197"]
[PlyCount "78"]
[EventDate "2010.09.04"]
[EventRounds "9"]
[EventCountry "ESP"]

1.e4 c5 2.Nc3 g6 3.f4 Bg7 4.Nf3 Nc6 5.Bc4 e6 6.O-O Nge7 7.a4 d5 8.Ba2 O-O 9.d3
Nd4 10.Nxd4 cxd4 11.Ne2 dxe4 12.dxe4 b6 13.Ng3 Qc7 14.Bd2 a5 15.Rc1 Ba6 16.Rf3
Nc6 17.f5 exf5 18.exf5 Qe7 19.f6 Bxf6 20.Bh6 Ne5 21.Bxf8 Nxf3+ 22.Qxf3 Rxf8
23.Ne4 Bg7 24.Bd5 Kh8 25.c4 f5 26.Ng3 Re8 27.Qf4 Qe3+ 28.Qxe3 Rxe3 29.Kf2 Bc8
30.c5 bxc5 31.Rxc5 Re8 32.Rxa5 d3 33.Nf1 Bd4+ 34.Kf3 Re2 35.Kg3 Be5+ 36.Kh4 d2
37.Nxd2 Rxd2 38.b3 Rd4+ 39.Kh3 f4+ 0-1

[Event "CAMPEONATO DE ESPAÑA ABSOLUTO"]
[Site "EL SAUZAL - TENERIFE - ISLAS CANARIAS"]
[Date "2010.09.09"]
[Round "6"]
[Board "24"]
[White "Aranaz Murillo, Amalia"]
[Black "Galvan Sarmiento, Jose Luis"]
[Result "1-0"]
[WhiteElo "2154"]
[BlackElo "2008"]
[PlyCount "89"]
[EventDate "2010.09.04"]
[EventRounds "9"]
[EventCountry "ESP"]

1.Nf3 d5 2.d4 Nf6 3.c4 e6 4.g3 c6 5.Qc2 Nbd7 6.Bg2 a6 7.O-O b5 8.b3 Be7 9.Nbd2
O-O 10.e4 dxe4 11.Nxe4 Bb7 12.c5 Nxe4 13.Qxe4 Nf6 14.Qe2 Nd5 15.h4 h6 16.Bb2 a5
17.Rfe1 Qc7 18.Ne5 Rfe8 19.Be4 Bf6 20.Rad1 a4 21.Qf3 Bxe5 22.dxe5 axb3 23.axb3
Qe7 24.Bd4 b4 25.Bb1 Qf8 26.Qe4 g6 27.h5 Qg7 28.hxg6 fxg6 29.Qxg6 Qxg6 30.Bxg6
Rf8 31.Ra1 Ba6 32.Ra5 Bb5 33.Rea1 Rxa5 34.Rxa5 Rd8 35.Ra7 Nc3 36.Bf7+ Kh8 37.Be3
Rd1+ 38.Kh2 Be2 39.g4 Bxg4 40.Bxh6 Rd3 41.Bg7+ Kh7 42.Bf6 Kh6 43.Ra8 Bf5 44.Rh8+
Bh7 45.Bxe6 1-0

[Event "CAMPEONATO DE ESPAÑA ABSOLUTO"]
[Site "EL SAUZAL - TENERIFE - ISLAS CANARIAS"]
[Date "2010.09.09"]
[Round "6"]
[Board "25"]
[White "Saenz Narciso, Miguel Angel"]
[Black "Arnedo Ruiz, Alberto"]
[Result "1/2-1/2"]
[WhiteElo "2143"]
[BlackElo "1961"]
[PlyCount "25"]
[EventDate "2010.09.04"]
[EventRounds "9"]
[EventCountry "ESP"]

1.e4 e5 2.Nf3 Nf6 3.Nxe5 d6 4.Nf3 Nxe4 5.d4 d5 6.Bd3 Bd6 7.O-O O-O 8.c4 c6
9.cxd5 cxd5 10.Nc3 Nxc3 11.bxc3 Bg4 12.Rb1 b6 13.Rb5 1/2-1/2

[Event "CAMPEONATO DE ESPAÑA ABSOLUTO"]
[Site "EL SAUZAL - TENERIFE - ISLAS CANARIAS"]
[Date "2010.09.09"]
[Round "6"]
[Board "27"]
[White "Abreu Suarez, Isauro"]
[Black "Perez Felipe, Marcos Adrian"]
[Result "0-1"]
[WhiteElo "2068"]
[BlackElo "2308"]
[PlyCount "64"]
[EventDate "2010.09.04"]
[EventRounds "9"]
[EventCountry "ESP"]

1.b4 e5 2.Bb2 d6 3.c4 Nd7 4.e3 a5 5.a3 g6 6.Nf3 Bg7 7.Be2 f5 8.d4 e4 9.Nfd2 Ngf6
10.Nc3 Nb6 11.d5 O-O 12.O-O Nbd7 13.Nb3 g5 14.Nxa5 Ne5 15.Nb3 g4 16.Nd4 Qe7
17.Re1 Qf7 18.Qc2 Kh8 19.Rad1 Rg8 20.c5 Qh5 21.g3 Nf3+ 22.Nxf3 gxf3 23.Bf1 Ng4
24.h3 Ne5 25.Nb5 f4 26.Bxe5 Bxe5 27.exf4 Bxh3 28.Qc4 Rxg3+ 29.fxg3 f2+ 30.Kxf2
Qf3+ 31.Kg1 Qxg3+ 32.Kh1 Qf3+ 0-1

[Event "CAMPEONATO DE ESPAÑA ABSOLUTO"]
[Site "EL SAUZAL - TENERIFE - ISLAS CANARIAS"]
[Date "2010.09.09"]
[Round "6"]
[Board "28"]
[White "Molina Rodriguez, Borja"]
[Black "Vega Gutierrez, Belinda"]
[Result "0-1"]
[WhiteElo "2058"]
[BlackElo "2233"]
[PlyCount "96"]
[EventDate "2010.09.04"]
[EventRounds "9"]
[EventCountry "ESP"]

1.e4 g6 2.d4 Bg7 3.Nc3 d6 4.f4 a6 5.Nf3 Nd7 6.Bd3 b5 7.O-O Bb7 8.e5 e6 9.a4 b4
10.Ne4 d5 11.Neg5 c5 12.c3 Ne7 13.Be3 c4 14.Bb1 bxc3 15.bxc3 h6 16.Nh3 Qa5
17.Qd2 Rb8 18.Nf2 Bc6 19.g4 Rb7 20.Bc2 Kd8 21.Nh1 Kc8 22.f5 gxf5 23.gxf5 exf5
24.Nh4 Kb8 25.Ng3 Rg8 26.Nhxf5 Nxf5 27.Rxf5 Nf8 28.Raf1 Be8 29.Bd1 Ne6 30.Bh5
Rf8 31.Ne2 Qxa4 32.Bxh6 Rg8 33.Kh1 Bxh6 34.Qxh6 Qc2 35.Qe3 Qd3 36.Qxd3 cxd3
37.Nc1 d2 38.Nd3 Bb5 39.Be2 Rc7 40.Rb1 Rxc3 41.Rxf7 Ka8 42.Bf3 Rd8 43.Bg4 Rxd3
44.Be2 Rc3 45.Bxb5 Rc1+ 46.Rf1 Rdc8 47.Bd3 Rxb1 48.Bxb1 Rc1 0-1

[Event "CAMPEONATO DE ESPAÑA ABSOLUTO"]
[Site "EL SAUZAL - TENERIFE - ISLAS CANARIAS"]
[Date "2010.09.09"]
[Round "6"]
[Board "29"]
[White "Gonzalez Garcia, Guillermo"]
[Black "Perez Gutierrez, Nauzet"]
[Result "1-0"]
[WhiteElo "2215"]
[BlackElo "2007"]
[PlyCount "50"]
[EventDate "2010.09.04"]
[EventRounds "9"]
[EventCountry "ESP"]

1.Nf3 c5 2.c4 Nf6 3.g3 e6 4.Bg2 Nc6 5.d4 cxd4 6.Nxd4 Bb4+ 7.Bd2 Bc5 8.Nb3 Qe7
9.O-O b6 10.Nc3 Bb7 11.Bf4 O-O 12.Nxc5 Qxc5 13.Bd6 Qxc4 14.Bxf8 Rxf8 15.Qd6 Na5
16.Rfd1 Bxg2 17.Kxg2 Nb7 18.Qd4 Qc6+ 19.Kg1 d5 20.Rac1 Rc8 21.Nxd5 Qxc1 22.Nxf6+
gxf6 23.Rxc1 Rxc1+ 24.Kg2 Rc7 25.Qxf6 Rd7 1-0

[Event "CAMPEONATO DE ESPAÑA ABSOLUTO"]
[Site "EL SAUZAL - TENERIFE - ISLAS CANARIAS"]
[Date "2010.09.09"]
[Round "6"]
[Board "30"]
[White "Martin Hernandez, Ruben"]
[Black "Leon Varela, Luis"]
[Result "1-0"]
[WhiteElo "2037"]
[BlackElo "2168"]
[PlyCount "53"]
[EventDate "2010.09.04"]
[EventRounds "9"]
[EventCountry "ESP"]

1.c4 e5 2.e3 Nc6 3.a3 Nf6 4.Nc3 Be7 5.b4 O-O 6.Qc2 Re8 7.Nf3 Bf8 8.d3 g6 9.Bb2
Bg7 10.Be2 d6 11.O-O Bf5 12.Ne4 Nd7 13.Rfd1 Qe7 14.Rac1 Nd8 15.Ng3 c5 16.Nd2 Be6
17.d4 cxd4 18.exd4 Rc8 19.dxe5 Nxe5 20.Qb1 Bh6 21.c5 Bg4 22.cxd6 Rxc1 23.dxe7
Rxb1 24.Nxb1 Ndc6 25.Bxe5 Bxe2 26.Nxe2 Rxe7 27.Bf4 1-0

[Event "CAMPEONATO DE ESPAÑA ABSOLUTO"]
[Site "EL SAUZAL - TENERIFE - ISLAS CANARIAS"]
[Date "2010.09.09"]
[Round "6"]
[Board "31"]
[White "Hernandez Leon, Sergio"]
[Black "Gonzalez Cruz, Steven"]
[Result "0-1"]
[WhiteElo "2133"]
[BlackElo "1831"]
[PlyCount "24"]
[EventDate "2010.09.04"]
[EventRounds "9"]
[EventCountry "ESP"]

1.d4 Nf6 2.c4 e5 3.dxe5 Ng4 4.Nf3 Bc5 5.e3 Nc6 6.Nc3 O-O 7.Be2 Ncxe5 8.b3 Qf6
9.Qc2 d6 10.h3 Bf5 11.Qd2 Nxf3+ 12.gxf3 Bxe3 0-1

[Event "CAMPEONATO DE ESPAÑA ABSOLUTO"]
[Site "EL SAUZAL - TENERIFE - ISLAS CANARIAS"]
[Date "2010.09.09"]
[Round "6"]
[Board "33"]
[White "Hernandez Leon, Alberto"]
[Black "Diaz Sanchez, Jose Francisco"]
[Result "1-0"]
[WhiteElo "2287"]
[BlackElo "1909"]
[PlyCount "101"]
[EventDate "2010.09.04"]
[EventRounds "9"]
[EventCountry "ESP"]

1.d4 d5 2.c4 c6 3.Nf3 Nf6 4.Nc3 e6 5.Bg5 h6 6.Bh4 Nbd7 7.e3 Be7 8.Bd3 dxc4
9.Bxc4 b5 10.Bd3 a6 11.e4 Bb7 12.e5 Nd5 13.Bxe7 Nxc3 14.bxc3 Qxe7 15.Nd2 c5
16.Qg4 Qg5 17.Qxg5 hxg5 18.Be4 Bxe4 19.Nxe4 cxd4 20.cxd4 f6 21.Rc1 Ke7 22.O-O
Rhc8 23.Rfe1 Rc4 24.Rxc4 bxc4 25.Rc1 Rb8 26.Kf1 Rb4 27.a3 Ra4 28.Rc3 Nb6 29.Nc5
Ra5 30.Re3 f5 31.Rg3 Nd5 32.a4 c3 33.Ke1 Nb6 34.Rxc3 Nxa4 35.Ra3 Rxc5 36.dxc5
Nxc5 37.Ra5 Nd3+ 38.Ke2 Nf4+ 39.Kf3 Kf7 40.Rxa6 Nd5 41.Ra7+ Kg6 42.g3 g4+ 43.Ke2
Nc3+ 44.Ke1 Nd5 45.Kd2 f4 46.Kd3 fxg3 47.hxg3 Kf5 48.Kd4 g6 49.Rf7+ Kg5 50.Kc5
Kh6 51.Kd6 1-0

[Event "CAMPEONATO DE ESPAÑA ABSOLUTO"]
[Site "EL SAUZAL - TENERIFE - ISLAS CANARIAS"]
[Date "2010.09.09"]
[Round "6"]
[Board "34"]
[White "Septien Lopez, Valeriano"]
[Black "Bajo Gutierrez, Ignacio"]
[Result "0-1"]
[WhiteElo "1887"]
[BlackElo "2271"]
[PlyCount "60"]
[EventDate "2010.09.04"]
[EventRounds "9"]
[EventCountry "ESP"]

1.e4 e6 2.d4 d5 3.e5 c5 4.Nf3 Nc6 5.c3 Bd7 6.a3 cxd4 7.cxd4 Qb6 8.Be2 Nge7 9.b4
Nf5 10.Bb2 Be7 11.O-O Rc8 12.g4 Nh4 13.Nbd2 Ng6 14.Re1 Nf4 15.Bf1 Nb8 16.Rc1 O-O
17.Nb3 Bb5 18.Qd2 g5 19.Nc5 Bxf1 20.Rxf1 Qb5 21.Kh1 b6 22.Nb3 a5 23.Nxg5 Bxg5
24.h4 Qd3 25.Qxd3 Nxd3 26.Rxc8 Rxc8 27.hxg5 Nxb2 28.bxa5 Rc3 29.Nd2 bxa5 30.Kg2
Nc6 0-1

[Event "CAMPEONATO DE ESPAÑA ABSOLUTO"]
[Site "EL SAUZAL - TENERIFE - ISLAS CANARIAS"]
[Date "2010.09.09"]
[Round "6"]
[Board "35"]
[White "Pinto Henriquez, Rodrigo"]
[Black "Orti Boix, Miquel Lluis"]
[Result "1-0"]
[WhiteElo "2214"]
[BlackElo "1889"]
[PlyCount "85"]
[EventDate "2010.09.04"]
[EventRounds "9"]
[EventCountry "ESP"]

1.e4 c5 2.Nf3 d6 3.d4 cxd4 4.Nxd4 Nf6 5.Nc3 a6 6.Bc4 e6 7.Bb3 Be7 8.O-O O-O
9.Qf3 Qc7 10.Qg3 Nc6 11.Nde2 Bd7 12.Bh6 Ne8 13.Nf4 Kh8 14.Bg5 Bxg5 15.Qxg5 h6
16.Qg3 Nd4 17.Rad1 Nxb3 18.axb3 Bc6 19.Nd3 Rd8 20.Qh4 Nf6 21.f3 Kh7 22.Qf2 b5
23.Rfe1 g5 24.Rd2 Rd7 25.f4 Ng4 26.Qg3 Qa7+ 27.Kh1 f5 28.exf5 exf5 29.Nb4 Qb7
30.Nxc6 Qxc6 31.Nd5 gxf4 32.Qxf4 Ne5 33.Qh4 Rdf7 34.Re3 Qc8 35.Nf4 Qd8 36.Qxd8
Rxd8 37.Ne6 Rdd7 38.Rxe5 dxe5 39.Rxd7 Kg6 40.Rxf7 Kxf7 41.Nc5 a5 42.Kg1 Kf6
43.Kf2 1-0

[Event "CAMPEONATO DE ESPAÑA ABSOLUTO"]
[Site "EL SAUZAL - TENERIFE - ISLAS CANARIAS"]
[Date "2010.09.09"]
[Round "6"]
[Board "36"]
[White "Meneses Gonzalez, Kevin Moises"]
[Black "Darias Darias, Luis"]
[Result "1-0"]
[WhiteElo "2195"]
[BlackElo "1877"]
[PlyCount "97"]
[EventDate "2010.09.04"]
[EventRounds "9"]
[EventCountry "ESP"]

1.e4 b6 2.d4 e6 3.Bd3 Bb7 4.Nf3 d6 5.O-O Nd7 6.c3 Be7 7.Re1 e5 8.Nbd2 Bf6 9.Nf1
g6 10.Bc4 Qe7 11.Ne3 c6 12.Ng4 Bg7 13.Ng5 d5 14.exd5 cxd5 15.dxe5 dxc4 16.Nf6+
Kd8 17.Nxd7 Qxd7 18.Nxf7+ Kc7 19.e6 Qxd1 20.Bf4+ Kc6 21.Raxd1 Ne7 22.Nxh8 Bxh8
23.Rd6+ Kc5 24.Rd7 Nd5 25.Rxb7 Nxf4 26.Rxh7 Nd3 27.Re2 Be5 28.g3 Kd5 29.f4 Bd6
30.Rg7 Re8 31.Rxg6 Nc1 32.Rg5+ Kc6 33.Re4 b5 34.Kg2 Nd3 35.Kf3 Nxb2 36.f5 Be7
37.Rg6 Rf8 38.f6 b4 39.Ke2 bxc3 40.fxe7 Re8 41.Re3 Na4 42.Kd1 Kc5 43.Rg7 Kd4
44.Rf3 Rb8 45.Rg4+ Kd5 46.Kc1 Re8 47.Rg7 Nc5 48.Rf8 Nd3+ 49.Kd1 1-0